000 00841 a2200217 4500
005 20080829123949.0
008 080829t xxu||||| |||| 00| 0 eng d
010 _aENG-87415
020 _a8189915509
_c980.00
035 _aEN-70948
037 _bD.B.Act / Pub
082 _a302.234
100 _aSharma, Rashmi
245 _aElectronic media
_cby Rashmi Sharma
_bissues and innovations
260 _aNew Delhi
_bRegal Publications
_c2007
270 _aF-159, Rajouri Garden
_bNew Delhi
_e110027
_k011-45546396
_mregalbookspub@yahoo.com
300 _axiv, 379 p.
_c22 cm. (Hb).
500 _aIncludes index
942 _adpl
_cEN
_k302.234 / SHA
_2ddc
_h302.234
_mSHA
999 _c6530
_d6530